| 000 | 03547cam a2200373 a 4500 | ||
|---|---|---|---|
| 001 | 15282280 | ||
| 003 | OSt | ||
| 005 | 20180116192418.0 | ||
| 008 | 080430s2008 nyuabe b 001 0 eng | ||
| 010 | _a 2008019793 | ||
| 020 | _a9780393732467 (pbk.) | ||
| 020 | _a0393732460 (pbk.) | ||
| 035 | _a(OCoLC)ocn227016385 | ||
| 035 | _a(OCoLC)227016385 | ||
| 040 |
_aDLC _cDLC _dBTCTA _dBAKER _dYDXCP _dOSU _dC#P _dBON _dCDX _dBWX _dVP@ _dDLC |
||
| 050 | 0 | 0 |
_aNA7126 _b.F74 2008 |
| 082 | 0 | 0 |
_a728.0904 _222 |
| 100 | 1 |
_aFrench, Hilary. _96945 |
|
| 245 | 1 | 0 |
_aKey urban housing of the twentieth century : _bplans, sections, and elevations / _cHilary French. |
| 250 | _a1st American ed. | ||
| 260 |
_aNew York : _bW.W. Norton, _c2008. |
||
| 300 |
_a240 p. : _bill. (chiefly col.), plans (some col.), maps ; _c29 cm. + _e1 CD-ROM (4 3/4 in.) |
||
| 500 | _aIncludes scaled plans, sectional views, diagrams, elevations. | ||
| 500 | _aProjects: Peabody Buildings, Rue Franklin Apartments, Cheap Cottages Exhibition, Van Beuingenstraat Housing, Gradins Vavin/Amiraux, Hotel des Artists, Spangen Quarter, El Pueblo Ribera Courtyard Houses, Efficiency Apartments, Britz Hufeisensiedlung, Karl Marx-Hof, Weissenhofsiedlung apartment Building, Weissenhofsidelung RowHousing, Narkomfin, Siemensstadt Housing, Lawn Road (now Isokin) Flats, Vienna Werkbund Houses, Bergpolder Building, 25 and 42 Avenue de Versailles, Highpoint Flats, Kensal House, Casa Rustici, Bubeshko Apartments, Unite d'Habitation, Pedregulho Housing, Churchill Gardens Estate, Golden Lane Estate, Casa de la Marina, Workers' Housing, 860-880 Lake Shore Drive, Price Tower, Keeling House, Harumi Apartments, Beacon Street Apartments, Hansaviertel Apartments, Hansaviertel Tower, Bellevue Bay Flats and Houses, Halen Housing, Tapiola Housing, Marina City, Lafayette Park Apartments, Peabody Terrace, BluesPoint Tower, Bakkedraget Housing, The Ryde, Habitat 67, Twin Parks Northwest Site 4, Balfron and Trellick Towers, Robin Hood Gardens, Nagakin Capsule Tower, University Centre Housing, Olympic Tower, Walden 7, Emmanuel Benaki Street Apartments, Housing on Calle Doña María Coronel, Gallartese Housing, Quinta de Malagueira Housing, Corner Housing at Kochstrasse, Housing on Lützowplatz, St Mark's Road Housing, Rue des Hautes Formes, Noisy II Housing, Atlantis Condominium, Byker Wall, Housing for the Elderly, Nemausus, Pence Place, IJ-Plein Housing, Spiral House, Nexus World Housing, Rue de Meaux Housing, Horizon Apartments, Kavel 25, Carl-Spitzweg-Gasse Housing, Schlesischestrasse Housing, Silodam, Sejima Wing, Kitagata Housing, Courtyard Houses, Rue des Suisses Housing, Schots 1 + 2, Yerba Buena Lofts, The Whale, Liverpool Street Housing, Mirador Apartments, Consort Road Housing, Carabanchel 16 Housing. | ||
| 504 | _aIncludes bibliographical references (p. 230-233) and index. | ||
| 505 | 0 | _aNew urban forms -- European modernism -- Post-war modernism -- Alternatives -- Post-Modernism -- Contemporary interpretations. | |
| 650 | 0 |
_aArchitecture, Domestic _vDesigns and plans. _96946 |
|
| 650 | 0 |
_aArchitecture, Modern _y20th century _vDesigns and plans. _96947 |
|
| 856 | 4 | 1 |
_3Table of contents only _uhttp://www.loc.gov/catdir/toc/ecip0818/2008019793.html |
| 906 |
_a7 _bcbc _corignew _d1 _eecip _f20 _gy-gencatlg |
||
| 942 |
_2ddc _cBK |
||
| 999 |
_c353794 _d353794 |
||